Nineveh, the great city : Symbol of Beauty and power /

محفوظ في:

مؤلفون آخرون: Petit, Lucas P., Bonacossie, Daniele Morandi.

التنسيق: كتاب

اللغة: English

منشور في: Leiden : Sldestone Press, 2017.

سلاسل: Papers on archaeology of the Leiden Museum of Antiquities ; 13.
PALMA ; 13.

الموضوعات:

الوسوم: إضافة وسم

لا توجد وسوم, كن أول من يضع وسما على هذه التسجيلة!

رقم الطلب: DS70.5 .N47 N56 2017

LEADER 00900namaa2200265 4500
003 OSt
005 20260204144555.0
008 130303s2017 ne abc 000 0 eng d
020 |a 9789088904967 
040 |c ARCE Library 
043 |a a-iq--- 
050 4 |a DS70.5 .N47 N56 2017 
100 1 |e author 
245 1 0 |a Nineveh, the great city :  |b Symbol of Beauty and power /  |c Edited by L.P. Petit, D. Morandi Bonacossi. 
264 1 |a Leiden :  |b Sldestone Press,  |c 2017. 
300 |a 356 pages :   |b illustrations (chiefly color), maps, portraits ;  |c 29 cm. 
490 0 |a Papers on archaeology of the Leiden Museum of Antiquities ;   |v 13. 
490 0 |a PALMA ;  |v 13. 
650 0 |a Excavations (Archaeology)  |z Iraq  |z Nineveh (Extinct city) 
651 0 |a Iraq  |x Antiquities. 
700 1 |a Petit, Lucas P. 
700 1 |a Bonacossie, Daniele Morandi.  |9 36197 
901 |a reviewed 
942 |c BK  |2 lcc 
999 |c 7408  |d 7408